[Event "Miskolc Avas op"]
[Site "Miskolc"]
[Date "1999.??.??"]
[Round "3"]
[White "Cselenyi, Balazs"]
[Black "Rybansky, Daniel"]
[Result "0-1"]
[WhiteElo "2045"]
[BlackElo "2000"]

1.d4 Nf6 2.c4 g6 3.Nc3 Bg7 4.e4 d6 5.Nf3 O-O 6.Be2 Nbd7 7.O-O e5 8.d5 Nc5
9.Qc2 a5 10.Ne1 b6 11.Be3 h5 12.f3 Nh7 13.Bd3 f5 14.a3 f4 15.Bf2 g5 16.b4 Nxd3
17.Qxd3 g4 18.c5 g3 19.hxg3 fxg3 20.Bxg3 Qg5 21.Bh2 Bf6 22.cxd6 cxd6 23.bxa5 bxa5
24.Kh1 Ra7 25.Rg1 Rg7 26.Ra2 Qg6 27.Qf1 Bd8 28.Rb2 h4 29.Na4 Nf6 30.g3 hxg3
31.Rxg3 Qh5 32.Rbg2 Rxg3 33.Rxg3+ Kf7 34.Qe2 Rh8 35.Qg2 Qh6 36.Qc2 Bd7 37.Nb2 Nh5
38.Rg2 Bh3 39.Qc6 Bxg2+ 40.Kxg2 Rg8+  0-1

[Event "Miskolc Avas op"]
[Site "Miskolc"]
[Date "1999.??.??"]
[Round "7"]
[White "Kerek, Csaba"]
[Black "Boros, Daniel"]
[Result "1/2-1/2"]
[WhiteElo "2395"]
[BlackElo "2300"]

1.d4 Nf6 2.c4 g6 3.Nc3 Bg7 4.e4 d6 5.Nf3 O-O 6.Be2 e5 7.dxe5 dxe5 8.Qxd8 Rxd8
9.Bg5 c6 10.Nxe5 Re8 11.Rd1 Na6 12.Nf3 Nc5 13.Nd2 h6 14.Be3  1/2-1/2

[Event "RUS-ch sf"]
[Site "Novosibirsk"]
[Date "1999.??.??"]
[Round "1"]
[White "Tolstikh, Nikolay"]
[Black "Efimov, Nikita"]
[Result "1-0"]
[WhiteElo "2405"]
[BlackElo "2224"]

1.Nf3 g6 2.c4 Bg7 3.e4 d6 4.d4 Nf6 5.Nc3 O-O 6.Be2 e5 7.dxe5 dxe5 8.Qxd8 Rxd8
9.Bg5 Re8 10.Nd5 Nxd5 11.cxd5 c6 12.Bc4 cxd5 13.Bxd5 Nc6 14.Ke2 Bg4 15.Bxc6 bxc6
16.h3 Be6 17.Rhc1 Rab8 18.b3 f5 19.Nd2 fxe4 20.Rxc6 Bd7 21.Rc7 Bb5+ 22.Ke1 Bd3
23.Rac1 a5 24.Nc4 Rec8 25.Nxa5 Rxc7 26.Rxc7 Bf8 27.Bd2 Bd6 28.Rc6 Bf8 29.Rc1 Ba3
30.Rc7 Bd6 31.Rd7 Bc5 32.Nb7 Bb6 33.Bh6 Rc8 34.b4 Bc4 35.Nd6 Rc6 36.b5 Ba5+
37.Bd2  1-0

[Event "RUS-ch sf"]
[Site "Novosibirsk"]
[Date "1999.??.??"]
[Round "6"]
[White "Tolstikh, Nikolay"]
[Black "Zaitsev, Vadim"]
[Result "1-0"]
[WhiteElo "2405"]
[BlackElo "2412"]

1.Nf3 Nf6 2.c4 g6 3.Nc3 Bg7 4.e4 d6 5.d4 O-O 6.Be2 e5 7.dxe5 dxe5 8.Qxd8 Rxd8
9.Bg5 c6 10.Nxe5 Re8 11.O-O-O Na6 12.Rd6 Be6 13.f4 Nc5 14.Bf3 Nh5 15.Bxh5 gxh5
16.Nd3 Nxd3+ 17.Rxd3 f6 18.Bh4 Bxc4 19.Rd6 b5 20.Bxf6 Bxf6 21.Rxf6 b4 22.Rxc6 Rac8
23.Rxc8 Rxc8 24.Nd1 Bxa2+ 25.Kd2 a5 26.Nf2 a4 27.Nd3 Rc4 28.e5 Kf7 29.Rc1 Re4
30.Rc7+ Kg6 31.Rc6+ Kg7 32.g3 Bd5 33.Rd6 Rd4 34.Ke3 Re4+ 35.Kf2 Bb3 36.Nc5 Rc4
37.Nxb3 axb3 38.Ke3 Rc2 39.Rb6 Rxb2 40.Rxb4  1-0

[Event "RUS-ch sf"]
[Site "Novosibirsk"]
[Date "1999.??.??"]
[Round "7"]
[White "Popov, Roman"]
[Black "Nevostrujev, Vladimir"]
[Result "1/2-1/2"]
[WhiteElo "2470"]
[BlackElo "2466"]

1.Nf3 Nf6 2.c4 g6 3.Nc3 Bg7 4.e4 d6 5.d4 O-O 6.Be2 e5 7.O-O exd4 8.Nxd4 Re8
9.f3 c6 10.Kh1 a6 11.Bg5 h6 12.Bh4 b5 13.Nc2 Be6 14.cxb5 axb5 15.f4 Nbd7
16.f5 Bxa2 17.fxg6 Bb3 18.gxf7+ Bxf7 19.Rxa8 Qxa8 20.Qxd6 Qb8 21.Qxc6 b4
22.Bc4 Bxc4 23.Qxc4+ Kh8 24.Nxb4 Ne5 25.Qd4 Nfg4 26.Bg3 Rd8 27.Ncd5 Qb5 28.Qg1 Nd3
29.Nxd3 Qxd3 30.Re1 Rf8 31.Qc5 Qd2 32.h3 Nf2+ 33.Bxf2 Rxf2 34.Rg1 Qxb2 35.Qc8+ Rf8
36.Qg4 Qe5 37.Rc1 h5 38.Qg6 Ra8 39.Ne3 Ra1 40.Rxa1 Qxa1+ 41.Kh2 Qe5+ 42.Kg1 Qc5
43.Kf2 Bd4 44.Qh6+ Kg8 45.Kf3 Qc3 46.e5 h4 47.Ke4 Bc5 48.Qe6+ Kh8 49.Qf6+ Kg8
50.Qd8+ Kf7 51.Qd3 Qxd3+ 52.Kxd3 Ke6 53.Ng4 Ba3 54.Ke4 Bb2 55.Nh6 Bxe5 56.Nf5 Kf6
57.Nxh4 Bc7 58.Nf3 Bg3 59.Nd4 Kg5 60.Ne2 Bc7 61.Kf3 Kh4 62.Nf4 Bd6 63.g3+ Kg5
64.h4+ Kf5 65.Ng2 Kg6 66.Kg4 Kh6 67.Nf4 Bb4 68.Ng2 Kg6 69.Kf3 Kf5 70.g4+ Ke5
71.g5 Kf5 72.Ne3+ Kg6 73.Kg4 Bd2 74.h5+ Kf7 75.Nd5 Ke6 76.Nf4+ Kf7 77.Kf5 Kg8
78.Nd5 Kg7 79.h6+ Kh7 80.Nf6+ Kh8 81.Ne4 Bc1 82.Kg6 Bf4 83.Nc5 Bd6 84.Ne6 Be7
85.Kh5 Kg8 86.g6 Bf6 87.g7 Kh7 88.Kg4 Bb2 89.Kf5 Bc3 90.Ke4 Bd2 91.Nf4 Kg8
92.Kf5 Kf7  1/2-1/2

[Event "RUS-ch sf"]
[Site "Novosibirsk"]
[Date "1999.??.??"]
[Round "9"]
[White "Belozerov, Andrei"]
[Black "Loskutov, Oleg"]
[Result "1-0"]
[WhiteElo "2437"]
[BlackElo "2343"]

1.d4 Nf6 2.c4 g6 3.Nc3 Bg7 4.e4 d6 5.Be2 O-O 6.Nf3 e5 7.d5 a5 8.Bg5 h6 9.Bh4 Na6
10.Nd2 Bd7 11.O-O Qe8 12.a3 Nh7 13.Kh1 h5 14.f3 Bf6 15.Bf2 Bg5 16.b3 h4 17.Rb1 Qe7
18.b4 axb4 19.axb4 Nf6 20.c5 dxc5 21.Bxa6 cxb4 22.Bxb7 bxc3 23.Bxa8 cxd2
24.Bb7 Nh5 25.Ba7 Qa3 26.Ra1 Qb2 27.Rb1 Qa3 28.Ra1 Qb2 29.Ba6 Qc3 30.Qe2 Ra8
31.Qc4 Qb2 32.Rab1 Qa3 33.Ra1 Qb2 34.Qxc7 h3 35.Rab1 hxg2+ 36.Kxg2 Qa2 37.Ra1 d1=Q+
38.Rxa2 Qb3 39.Qc4 Qxc4 40.Bxc4 Rc8 41.Ba6 Rc3 42.Bb8 f6 43.Bd6 Nf4+ 44.Kg1 Bh3
45.Rb1 Rxf3 46.Ra3 Bg2 47.Rb8+ Kh7 48.Rb7+ Kh6 49.Bf8+ Kh5 50.Be2 Nxe2+ 51.Kxg2 Rxa3
52.Bxa3 f5 53.Bb2 Nf4+ 54.Kf3 Nd3 55.Rh7+ Bh6 56.Ba3  1-0

[Event "RUS-ch sf"]
[Site "Novosibirsk"]
[Date "1999.??.??"]
[Round "9"]
[White "Nikitin, Andrey"]
[Black "Siuniakov, Igor"]
[Result "1/2-1/2"]
[WhiteElo "2418"]
[BlackElo "2347"]

1.d4 Nf6 2.c4 g6 3.Nc3 Bg7 4.e4 O-O 5.Nf3 d6 6.Be2 e5 7.O-O exd4 8.Nxd4 Re8
9.f3 c6 10.Kh1 a6 11.Bg5 Qa5 12.Qd2 Nxe4 13.fxe4 Bxd4 14.Qxd4 Qxg5 15.Qxd6 Nd7
16.Rad1 a5 17.Qc7 Ne5 18.Na4 Be6 19.Nc5 Rac8 20.Nxe6 fxe6 21.Qxa5 Ra8 22.Qc7 Rxa2
23.Qxb7 Raa8 24.Qc7 Rac8 25.Qa5 c5 26.Qc3 Rc7 27.g3 Nc6 28.Qf6 Qxf6 29.Rxf6 Nd4
30.Bg4 Rb7 31.Ra1 Kg7 32.e5 h5 33.Bd1 Ree7 34.b3 Ra7 35.Rb1 Ra2 36.b4 cxb4
37.Rxb4 Rd2 38.Rb1 Ra7 39.Kg1 Raa2 40.Bxh5 Rg2+ 41.Kf1 gxh5 42.Rb7+ Kg8 43.Rb8+  1/2-1/2

[Event "RUS-ch sf"]
[Site "Novosibirsk"]
[Date "1999.??.??"]
[Round "9"]
[White "Popov, Roman"]
[Black "Smirnov, Pavel"]
[Result "0-1"]
[WhiteElo "2470"]
[BlackElo "2422"]

1.Nf3 Nf6 2.c4 g6 3.Nc3 Bg7 4.e4 d6 5.d4 O-O 6.Be2 Nbd7 7.O-O e5 8.Re1 c6
9.Bf1 a5 10.Rb1 Re8 11.d5 Nc5 12.Bg5 h6 13.Bh4 g5 14.Bg3 Nh5 15.Nd2 Nf4 16.Qc2 h5
17.f3 h4 18.Bf2 g4 19.Be3 Qf6 20.fxg4 Bxg4 21.a3 a4 22.Bxc5 dxc5 23.Nxa4 Bh6
24.Nc3 Kh7 25.Nd1 Rg8 26.Kh1 Rg6 27.Ne3 Rag8 28.Qc3 Bh3 29.Nf3 Nxg2 30.Nxg2 Rxg2
31.Be2 Bf4 32.Qd3 Rxh2+  0-1

[Event "GER-ch U18"]
[Site "Oberhof"]
[Date "1999.??.??"]
[Round "7"]
[White "Reuss, Andreas"]
[Black "Haensel, Thomas"]
[Result "1/2-1/2"]
[WhiteElo "2185"]
[BlackElo "2207"]

1.d4 Nf6 2.c4 g6 3.Nf3 Bg7 4.Nc3 O-O 5.e4 d6 6.Be2 e5 7.dxe5 dxe5 8.Qxd8 Rxd8
9.Bg5 Nbd7 10.O-O-O Rf8 11.Nd2 c6 12.Be3 Re8 13.f3 Bf8 14.Nb3 Nh5 15.g3 Ng7
16.Rd2 Ne6 17.Na4 b6 18.Rhd1 Ndc5 19.Naxc5 bxc5 20.Bf1 Nd4 21.Bg2 a5 22.Rf2 Be6
23.Bf1 Reb8 24.Bd2 Nxb3+ 25.axb3 Rxb3 26.Bc3 Bg7 27.Rfd2 Bh6 28.f4 f6 29.Rd8+ Rxd8
30.Rxd8+ Kf7 31.Kc2 a4 32.fxe5 fxe5 33.Ra8 Kf6 34.Rxa4 Rb7 35.Ra6 Bd7 36.Be2 Be3
37.b3 Bg1 38.h3 h5 39.g4 hxg4 40.Bxg4 Bxg4 41.hxg4 Rc7  1/2-1/2

[Event "Presov op"]
[Site "Presov"]
[Date "1999.??.??"]
[Round "6"]
[White "Kutsyk, Ivan"]
[Black "Lutsko, Igor"]
[Result "1-0"]
[WhiteElo "2275"]
[BlackElo "2386"]

1.d4 Nf6 2.c4 g6 3.Nc3 Bg7 4.e4 d6 5.Nf3 O-O 6.Be2 Nbd7 7.O-O e5 8.Be3 Re8
9.d5 Ng4 10.Bg5 f6 11.Bd2 Nh6 12.Qc2 Nf7 13.Ne1 Nf8 14.Nd3 c5 15.a3 f5 16.b4 b6
17.bxc5 bxc5 18.Rab1 Nd7 19.f3 Nf6 20.Rb2 g5 21.Nf2 f4 22.Qa4 h5 23.h3 Kh8
24.Qc6 Bd7 25.Qa6 Bc8 26.Qc6 Bd7 27.Qa6 Rg8 28.Nb5 Qe7 29.Nc7 Rab8 30.Rfb1 Rxb2
31.Rxb2 g4 32.Ne6 Bc8 33.Qa4 Bxe6 34.dxe6 Ng5 35.fxg4 Ngxe4 36.Nxe4 Nxe4
37.Qd7 Qh4 38.e7 Qf2+ 39.Kh2 Nf6 40.Qf5 Qxe2 41.g5 Ne8 42.Qg6 Bf8 43.Bc1 Qd1
44.exf8=Q Rxf8 45.Rb7  1-0

[Event "Rakovnik op"]
[Site "Rakovnik"]
[Date "1999.??.??"]
[Round "?"]
[White "Kovar, Petr"]
[Black "Neuman, Petr"]
[Result "0-1"]
[WhiteElo "1875"]
[BlackElo "2315"]

1.Nf3 Nf6 2.c4 g6 3.Nc3 Bg7 4.d4 O-O 5.e4 d6 6.Be2 e5 7.O-O Nh5 8.dxe5 dxe5
9.Qxd8 Rxd8 10.Bg5 f6 11.Be3 c6 12.Rfd1 Re8 13.Ne1 Nf4 14.Bf1 Na6 15.Nc2 Ne6
16.Rd2 b6 17.Rad1 Bb7 18.b4 c5 19.a3 Nd4 20.b5 Nc7 21.Nd5 Bxd5 22.exd5 Nf5
23.a4 a5 24.Be2 Nd6 25.Bf1 Rf8 26.f3 Rad8 27.Na1 Nf5 28.Bf2 Bh6 29.Rd3 Ne8
30.Nb3 Ned6 31.Nd2 Nd4 32.Rc3 f5 33.Nb3 Rde8 34.h4 Bg7 35.Nxd4 cxd4 36.Rc2 Nb7
37.f4 exf4 38.Bxd4 Bxd4+ 39.Rxd4 Re4 40.Rcd2 Nc5 41.Be2 Kg7 42.Bf3 Rxd4 43.Rxd4 Kf6
44.Bd1 Ke5 45.Rd2 Ne4 46.Rd3 Rc8 47.d6 Rd8 48.d7 Ke6 49.g4 Rxd7 50.Rxd7 Kxd7
51.Bc2 Kd6 52.h5 Ke5 53.hxg6 hxg6 54.gxf5 gxf5 55.Kg2 Nc5 56.Kf3 Ne6 57.Bd3 Nd4+
58.Kf2 Kd6 59.Ke1 f3 60.Kd2 f4 61.Bf1 Kc5 62.Kd3 Ne2  0-1

[Event "Recklinghausen op"]
[Site "Recklinghausen"]
[Date "1999.??.??"]
[Round "2"]
[White "Blayvas, Jan"]
[Black "Opalka, Guido"]
[Result "1/2-1/2"]
[WhiteElo "2235"]
[BlackElo "2246"]

1.d4 d6 2.c4 Nf6 3.Nc3 g6 4.e4 Bg7 5.Nf3 O-O 6.Be2 Qe8 7.O-O e5 8.d5 a5 9.Rb1 Na6
10.b3 Nc5 11.Nd2 Bh6 12.Qc2 Kh8 13.a3 Bg4 14.Bxg4 Nxg4 15.h3 Nf6 16.b4 axb4
17.axb4 Na4 18.Nxa4 Qxa4 19.Nb3 Bxc1 20.Rfxc1 Qd7 21.c5 Rac8 22.Na5 b6 23.Nc4 Qe7
24.cxb6 cxb6 25.Qd3 Nh5 26.Nxb6 Rxc1+ 27.Rxc1 Qg5 28.Rc2 Rb8 29.Nc4 Rxb4
30.Nxd6 Rb1+ 31.Kh2 Qxg2+ 32.Kxg2 Nf4+ 33.Kf3 Nxd3 34.Nxf7+ Kg8 35.Rc7 Rb3
36.Nh6+ Kf8 37.Rf7+ Ke8 38.Ke2 Nf4+ 39.Kd1 Rxh3 40.Rxh7 Rh1+ 41.Kd2 Rh2 42.Ng4 Rxh7
43.Nf6+ Kf7 44.Nxh7 Nh3 45.Ke3 Kg7 46.d6 Kf7 47.d7 Ke7 48.Nf6 Ng5 49.Ng4 Nf7
50.f4 exf4+ 51.Kxf4 g5+ 52.Kf5 Nd6+ 53.Kxg5 Nxe4+  1/2-1/2

[Event "Recklinghausen op"]
[Site "Recklinghausen"]
[Date "1999.??.??"]
[Round "4"]
[White "Friedrichs, Klaus"]
[Black "Kalka, Arkadius Georg"]
[Result "1/2-1/2"]
[WhiteElo "2145"]
[BlackElo "2375"]

1.d4 Nf6 2.c4 g6 3.Nc3 Bg7 4.e4 d6 5.Nf3 O-O 6.Be2 e5 7.O-O Na6 8.Re1 c6
9.d5 c5 10.Bg5 h6 11.Bh4 Qd7 12.Nd2 Nh7 13.f3 Bf6 14.Bf2 h5 15.a3 h4 16.b4 Bg5
17.Nb3 b6 18.bxc5 Nxc5 19.a4 Qe7 20.a5 Bd7 21.axb6 axb6 22.Nxc5 bxc5 23.Qc2 Nf6
24.Reb1 Nh5 25.Bf1 Bf4 26.Qb2 Rxa1 27.Rxa1 Qg5 28.Ra7 Bh3 29.Kh1 Bc8 30.Bd3 Ng3+
31.Kg1 Bh3 32.gxh3 Nxe4+ 33.Kh1 Nxc3 34.Qxc3 Bd2 35.Qb3 Be3 36.Bxe3 Qxe3
37.Qd1 Qf2 38.Qf1 Qd2 39.Qe2 Qc1+ 40.Qf1 Qd2 41.Ra1 Rb8 42.Rd1 Qf4 43.Rb1 Ra8
44.Qg2 Kf8 45.Be4 Ra4 46.Qc2 Ra3 47.Qb2 Re3 48.Rg1 Rxe4 49.fxe4 Qxe4+ 50.Qg2 Qxc4
51.Rd1 Kg7 52.Qg4 Qc2 53.Rf1 f5 54.Qxh4 Qd3 55.Qe7+ Kh6 56.Qh4+ Kg7 57.Qe7+  1/2-1/2

[Event "Recklinghausen op"]
[Site "Recklinghausen"]
[Date "1999.??.??"]
[Round "8"]
[White "Gausel, Einar"]
[Black "Kedziora, Claus"]
[Result "1-0"]
[WhiteElo "2500"]
[BlackElo "2265"]

1.Nf3 Nf6 2.c4 g6 3.Nc3 Bg7 4.e4 d6 5.d4 O-O 6.Be2 e5 7.O-O Nbd7 8.Be3 Ng4
9.Bg5 f6 10.Bh4 h5 11.h3 Nh6 12.dxe5 dxe5 13.Qd5+ Nf7 14.Rfd1 Qe7 15.Qa5 c6
16.b4 Re8 17.c5 Nf8 18.Qa3 g5 19.Bg3 f5 20.exf5 h4 21.Bh2 e4 22.Nd4 e3 23.f3 Rd8
24.Ne6 Nxe6 25.fxe6 Bxe6 26.Ne4 Bxa1 27.Rxa1 Bd5 28.Qxe3 Re8 29.Bd3 Rad8
30.Bc2 Qe6 31.Qc3 Kf8 32.Kh1 Re7 33.Bd6 Nxd6 34.cxd6 Rg7 35.Bb3 Qf5 36.Rd1 Bxb3
37.axb3 Qf4 38.Qc5 a6 39.Qc3 Rdd7 40.Nf6 Rxd6 41.Qc5 Qxf6 42.Rxd6  1-0

[Event "Capablanca mem"]
[Site "Rio de Janeiro"]
[Date "1999.??.??"]
[Round "3"]
[White "Figueiredo, Francisco M"]
[Black "De Britto, Ricardo Marzullo"]
[Result "0-1"]
[WhiteElo "2035"]
[BlackElo "2165"]

1.d4 Nf6 2.c4 g6 3.Nc3 Bg7 4.e4 d6 5.Nf3 O-O 6.Be2 e5 7.dxe5 dxe5 8.O-O c6
9.Qc2 Qc7 10.Be3 Nbd7 11.h3 Re8 12.Rad1 b6 13.b4 Nf8 14.Rd2 Ne6 15.Rfd1 Nf4
16.Bf1 h6 17.Kh2 g5 18.g3 Ng6 19.a3 Be6 20.Ne1 Qc8 21.f3 Nh5 22.b5 f5 23.bxc6 f4
24.Bf2 fxg3+ 25.Bxg3 Nxg3 26.Kxg3 Nf4 27.Rh2 Qxc6 28.Nd5 Qc5 29.a4 Qg1+  0-1

[Event "San Felipe zt"]
[Site "San Felipe"]
[Date "1999.??.??"]
[Round "6"]
[White "Melendez Tirado, Bernardo Ramon"]
[Black "Ordonez, Francisco"]
[Result "0-1"]
[WhiteElo "2135"]
[BlackElo "2295"]

1.d4 Nf6 2.c4 g6 3.Nc3 Bg7 4.e4 d6 5.Nf3 O-O 6.Be2 Nbd7 7.O-O e5 8.Re1 c6
9.h3 Re8 10.dxe5 dxe5 11.Be3 Qe7 12.Qc2 Nh5 13.Bf1 Nf4 14.Rab1 Qf6 15.Nh2 Nf8
16.Rbd1 N8e6 17.Qc1 Nd4 18.Na4 Rd8 19.Bxf4 Qxf4 20.Qxf4 exf4 21.Nc5 b6 22.Nd3 g5
23.Nb4 Be6 24.Rd2 a5 25.Nc2 Nxc2 26.Rxc2 h6 27.Be2 Rd4 28.Bg4 Rxc4 29.Rxc4 Bxc4
30.b3 Bb5 31.Rc1 a4 32.Bd7 axb3 33.axb3 Rd8 34.Bf5 Rd3 35.e5 Rxb3 36.Ng4 Rb2
37.Rd1 Kf8 38.Rd7 Re2 39.e6  0-1

[Event "Santiago op"]
[Site "Santiago"]
[Date "1999.??.??"]
[Round "6"]
[White "Barboza, Manuel"]
[Black "Arancibia, Eduardo"]
[Result "0-1"]
[WhiteElo "2220"]
[BlackElo "2379"]

1.d4 Nf6 2.c4 d6 3.Nc3 g6 4.e4 Bg7 5.Nf3 O-O 6.Be2 e5 7.dxe5 dxe5 8.Qxd8 Rxd8
9.Bg5 Nbd7 10.O-O-O Rf8 11.Nd2 Nc5 12.f3 c6 13.Be3 Nfd7 14.b4 Ne6 15.Nb3 Nf4
16.Bf1 f5 17.g3 Ne6 18.Be2 Nf6 19.Kc2 Re8 20.Rd2 Nd4+ 21.Nxd4 exd4 22.Bxd4 fxe4
23.f4 Bf5 24.Rdd1 a5 25.b5 e3+ 26.Kb3 Ng4 27.Bxg7 Kxg7 28.Rd6 Nf2 29.Re1 cxb5
30.Nxb5 Ne4 31.Rd4 Re7 32.Nc3 Nc5+ 33.Kb2 Ree8 34.Red1 h5 35.Rd6 Ra6 36.Rxa6 bxa6
37.Rd6 Rb8+ 38.Ka3 Bg4 39.Rc6 Ne4 40.Rc7+ Kf8 41.Nxe4 Bxe2 42.Nc3 Bg4 43.Rc5 e2
44.Nxe2 Bxe2 45.f5 Rb4 46.Rxa5 Rxc4 47.fxg6 Rc2 48.Kb4 Kg7 49.Re5 Rxa2 50.h4 Bg4
51.Rg5 Rb2+ 52.Kc4 Rb5 53.Rxb5 Be2+  0-1

[Event "Santiago op"]
[Site "Santiago"]
[Date "1999.??.??"]
[Round "6"]
[White "Guerb, Leonid"]
[Black "Parada, Roger"]
[Result "1-0"]
[WhiteElo "2265"]
[BlackElo "2067"]

1.d4 Nf6 2.Nf3 g6 3.c4 Bg7 4.Nc3 d6 5.e4 O-O 6.Be2 e5 7.Be3 Nc6 8.d5 Ne7
9.Nd2 Nd7 10.b4 f5 11.f3 f4 12.Bf2 b6 13.Nb3 g5 14.c5 Nf6 15.Rc1 h5 16.Nd2 g4
17.cxd6 cxd6 18.Nb5 Ng6 19.Qc2 Ba6 20.Nc7 Bxe2 21.Nxa8 Qxa8 22.Kxe2 g3 23.hxg3 fxg3
24.Be3 Nf4+ 25.Bxf4 exf4 26.Qc7 Qe8 27.Qxd6 Qb5+ 28.Rc4 Re8 29.Qc6 Qa6 30.a4  1-0

[Event "Santiago op"]
[Site "Santiago"]
[Date "1999.??.??"]
[Round "7"]
[White "Cortes, Eleuterio"]
[Black "Cortes Moyano, Julio"]
[Result "0-1"]
[WhiteElo "2140"]
[BlackElo "2300"]

1.d4 Nf6 2.c4 g6 3.Nc3 Bg7 4.e4 O-O 5.Nf3 d6 6.Be2 e5 7.dxe5 dxe5 8.Qxd8 Rxd8
9.Bg5 c6 10.O-O Re8 11.Rad1 Nbd7 12.Rd6 h6 13.Be3 Bf8 14.Rdd1 Nc5 15.Nd2 Ne6
16.Nb3 Bb4 17.Bf3 g5 18.g3 Bf8 19.h3 Kg7 20.Rfe1 Be7 21.Kg2 Rh8 22.Be2 h5
23.Bxg5 Nxg5  0-1

[Event "Santiago op"]
[Site "Santiago"]
[Date "1999.??.??"]
[Round "9"]
[White "Barboza, Manuel"]
[Black "Mesias, Rabindranath"]
[Result "0-1"]
[WhiteElo "2220"]
[BlackElo "2093"]

1.d4 Nf6 2.c4 g6 3.Nf3 Bg7 4.Nc3 O-O 5.e4 d6 6.Be2 e5 7.dxe5 dxe5 8.Qxd8 Rxd8
9.Bg5 c6 10.Nxe5 Re8 11.O-O-O Na6 12.f4 h6 13.Bh4 Nc5 14.Bf3 g5 15.Bf2 Nfxe4
16.Nxe4 Nxe4 17.Bxe4 gxf4 18.Bd4 Bxe5 19.Bxe5 Rxe5 20.Rd8+ Kg7 21.Bf3 b5
22.Bxc6 Bb7 23.Rxa8 Bxc6 24.Rxa7 Bxg2 25.Rd1 f3 26.Rd2 bxc4 27.Rf2 Rh5 28.Rc7 Rxh2
29.Rxc4 Rh1+ 30.Kd2 h5 31.Ke3 Kg6 32.Rd2 h4 33.Kf4 Re1 34.Rf2 Re8 35.Rcc2 h3
36.Kg3 Kg5 37.b4 f5 38.Rxf3 f4+ 39.Rxf4 Re3+ 40.Kh2 Kxf4 41.a4 Re1 42.Rc4+ Be4  0-1

[Event "Paulisto-ch"]
[Site "Sao Caetano"]
[Date "1999.??.??"]
[Round "3"]
[White "Frare, Fernando"]
[Black "Matsuura, Everaldo"]
[Result "0-1"]
[WhiteElo "2255"]
[BlackElo "2380"]

1.d4 Nf6 2.Nf3 g6 3.c4 Bg7 4.Nc3 O-O 5.e4 d6 6.Be2 Na6 7.O-O e5 8.d5 Nc5
9.Qc2 a5 10.Ne1 Nfd7 11.Nd3 f5 12.Nxc5 Nxc5 13.f3 f4 14.Bd2 g5 15.Na4 h5
16.Nxc5 dxc5 17.Qd3 Ra6 18.Rfd1 g4 19.Be1 Rg6 20.Rd2 Qg5 21.Rc1 h4 22.fxg4 Bxg4
23.Bxg4 Qxg4 24.h3 Qh5 25.Rcc2 f3 26.Rf2 Bh6 27.Bd2 Bxd2 28.Qxd2 b6 29.Qd1 Kh7
30.Kh2 Rg3 31.Rc3 Qg6 32.Rcxf3 Rfxf3 33.Rxf3  0-1

[Event "Staufer-Open 11th"]
[Site "Schwaebisch Gmuend"]
[Date "1999.??.??"]
[Round "6"]
[White "Handke, Harald"]
[Black "Lomineishvili, Maia"]
[Result "1-0"]
[WhiteElo "2270"]
[BlackElo "2350"]

1.d4 Nf6 2.c4 g6 3.Nc3 Bg7 4.e4 d6 5.Be2 O-O 6.Nf3 e5 7.d5 a5 8.Bg5 h6 9.Bh4 Na6
10.Nd2 Qe8 11.O-O Bd7 12.b3 Nh7 13.f3 h5 14.a3 Bh6 15.Bf2 Qe7 16.Re1 f5 17.Rb1 f4
18.Bd3 g5 19.h3 Kh8 20.Kf1 g4 21.hxg4 hxg4 22.Ke2 g3 23.Rh1 Kg7 24.Be1 Qg5
25.Qc2 Nf6 26.Kd1 Rh8 27.b4 axb4 28.axb4 c5 29.Nb5 Nxb4 30.Rxb4 cxb4 31.Nxd6 Ng4
32.Qb2 Ne3+ 33.Ke2 Ba4 34.Nb3 Kf6 35.Nc5 Bd1+ 36.Kd2 b3 37.Nxb3 Qg7 38.Kc1 Qc7
39.c5 Qe7 40.Nd4 exd4 41.Qxd4+ Kg5 42.e5 Bg7 43.Ne4+ Kg6 44.Nxg3+ Kg5 45.Ne4+ Kg6
46.Nf6+ Kf7 47.Rxh8 Bxh8 48.Bc3 Bxf6 49.exf6 Qd7 50.Qe4 Kf8 51.c6 bxc6 52.dxc6 Qf7
53.g4  1-0

[Event "Sportland-NRW-Cup"]
[Site "Senden"]
[Date "1999.??.??"]
[Round "2"]
[White "Volzhin, Alexander"]
[Black "Balcerak, Jakob"]
[Result "0-1"]
[WhiteElo "2565"]
[BlackElo "2330"]

1.d4 Nf6 2.c4 g6 3.Nc3 Bg7 4.e4 d6 5.Nf3 O-O 6.Be2 e5 7.d5 a5 8.Bg5 h6 9.Be3 Ng4
10.Bc1 f5 11.exf5 gxf5 12.g3 Na6 13.Nh4 Nc5 14.O-O e4 15.Nxf5 Nxf2 16.Nxh6+ Bxh6
17.Rxf2 Rxf2 18.Bxh6 Rf7 19.Qd2 Bh3 20.Be3 Qf6 21.Bxc5 Raf8 22.Kh1 dxc5 23.Rg1 Qg6
24.Qe3 Rf2 25.g4 Bf1 26.Bxf1 R8f3  0-1

[Event "Sportland-NRW-Cup"]
[Site "Senden"]
[Date "1999.??.??"]
[Round "4"]
[White "Gold, Guido"]
[Black "Muessig, Guido"]
[Result "1/2-1/2"]
[WhiteElo "1765"]
[BlackElo "2170"]

1.d4 Nf6 2.c4 g6 3.Nc3 Bg7 4.e4 d6 5.Nf3 O-O 6.Be2 e5 7.dxe5 dxe5 8.Qxd8 Rxd8
9.Bg5 Re8 10.Nd5 Nxd5 11.cxd5 c6 12.Bc4 b5 13.Bb3 c5 14.Nd2 Bb7 15.Be3 Nd7
16.Rc1 Bf8 17.O-O Rec8 18.Bd1 f5 19.f3 f4 20.Bf2 c4 21.Be2 Nc5 22.Rfd1 Na4
23.Rc2 a6 24.Rdc1 Bb4 25.Nb1 Kf7 26.b3 cxb3 27.axb3 Nb2 28.Rxc8 Rxc8 29.Rxc8 Bxc8
30.Kf1 a5 31.Bxb5 Nd1 32.Bb6 Ke7 33.Ke2 Nc3+ 34.Nxc3 Bxc3 35.Bc5+ Kf6 36.Kd3 Be1
37.Kc4 g5 38.b4 h5 39.bxa5 Bxa5 40.Bf2 Ke7 41.Kc5 Bc7 42.Kb4 Bd6+ 43.Kc4 g4
44.fxg4 hxg4 45.Kc3 Bc7 46.Bh4+ Kf7 47.Bc4 Bd6 48.Bd8 Ke8 49.Ba5 Bd7 50.Bf1 Kf7
51.Bb4 Ke7 52.h4 gxh3 53.gxh3 Bxb4+ 54.Kxb4 Kd6 55.Bg2 Bc8 56.Kc3 Kc5 57.Kd2 f3
58.Bf1 Kd4 59.h4 Kxe4 60.d6 Kd5 61.Ke3 Kxd6 62.Kxf3  1/2-1/2

[Event "Sportland-NRW-Cup"]
[Site "Senden"]
[Date "1999.??.??"]
[Round "6"]
[White "Dyballa, Gerhard"]
[Black "Siepmann, Martin"]
[Result "1-0"]
[WhiteElo "2030"]
[BlackElo "1655"]

1.c4 Nf6 2.Nc3 g6 3.e4 d6 4.d4 Bg7 5.Nf3 O-O 6.Be2 e5 7.d5 a5 8.O-O Na6 9.Bg5 Nc5
10.Nd2 h6 11.Bh4 c6 12.g4 Qd7 13.h3 Nh7 14.b3 g5 15.Bg3 h5 16.f3 Re8 17.a3 Nf8
18.b4 axb4 19.axb4 Rxa1 20.Qxa1 Na6 21.Rb1 Ng6 22.Na4 Nf4 23.Bf1 h4 24.Bf2 Bf6
25.Nb6 Qd8 26.Nxc8 Qxc8 27.dxc6 bxc6 28.c5 Nc7 29.cxd6 Nce6 30.Bc5 Nd4 31.Kf2 Qb7
32.Qb2 Ra8 33.Ra1 Rxa1 34.Qxa1 Kg7 35.Nc4 Nb3 36.Na5 Nxa5 37.Qxa5 Qd7 38.Qc7 Qe6
39.Qxc6 Qa2+ 40.Kg1 Qb3 41.d7 Bd8 42.Qd6 Qxf3 43.Qf8+ Kh7 44.Qxf7+ Kh8 45.Qf8+ Kh7
46.Qf5+ Kg8 47.Bf2 Bb6 48.Bc4+ Kg7 49.Qxe5+ Kh6 50.Qf6+ Kh7 51.Qf7+ Kh6 52.Qf8+ Kg6
53.Bf7+ Kf6 54.d8=Q+ Bxd8 55.Bd4+  1-0

[Event "RUS-ch U16"]
[Site "Serpukhov"]
[Date "1999.??.??"]
[Round "3"]
[White "Dobrov, Vladimir"]
[Black "Alekseev, Evgeny"]
[Result "0-1"]
[WhiteElo "2258"]
[BlackElo "2300"]

1.d4 Nf6 2.c4 g6 3.Nc3 Bg7 4.e4 d6 5.Be2 O-O 6.Nf3 Nbd7 7.O-O e5 8.Be3 h6
9.Ne1 exd4 10.Bxd4 Ne5 11.f3 Be6 12.b3 Nc6 13.Be3 Ng4 14.fxg4 Bxc3 15.Bxh6 Bg7
16.Bxg7 Kxg7 17.Qd2 Qe7 18.g5 Bd7 19.Qf4 Rae8 20.Bd3 Qe5 21.Qf6+ Kg8 22.Rd1 Re6
23.Qxe5 Nxe5 24.Bb1 Bc6 25.Nf3 Nd7 26.Rfe1 Rfe8 27.Rd4 Nc5 28.Nd2 a5 29.a3 b6
30.Bc2 Ra8 31.Nb1 Re5 32.h4 b5 33.cxb5 Ne6 34.Rd2 Bxb5 35.Nc3 Bc6 36.Kf2 Rb8
37.Rb1 Rc5 38.Nd5 Bxd5 39.exd5 Nd4 40.Rxd4 Rxc2+ 41.Kf3 Rc3+ 42.Ke4 Re8+
43.Kf4 Re2 44.Rf1 Rxg2 45.Rf3 Rc1 46.Ra4 Rh1 47.Rxa5 Rxh4+ 48.Ke3 Rxg5 49.Ra8+ Kg7
50.Ra7 Re5+ 51.Kf2 Rh2+ 52.Kg3 Rc2 53.Rd3 Rc5 54.Kf2 g5 55.b4 Rc2+ 56.Kf3 f5
57.b5 Kf6 58.Ra8 Rc5 59.a4 Rexd5 60.Rxd5 Rxd5 61.Rb8 Rd3+ 62.Ke2 Ra3 63.Ra8 Ke5
64.a5 d5 65.a6 f4 66.Rg8 Kd6 67.Rxg5 Kc5 68.Rg7 Kb6 69.Rd7 Kxb5 70.Rxc7 Rxa6
71.Rf7 Ra4 72.Kf3 Kc5 73.Rf8 Re4 74.Rc8+ Kd4 75.Ra8 Re7 76.Kxf4 Rf7+ 77.Kg3 Kc3
78.Rc8+ Kd3 79.Kg2 d4 80.Rc6 Kd2 81.Rd6 d3 82.Rd8 Kc2 83.Rc8+ Kd1 84.Rd8 d2
85.Rc8 Rf5  0-1

[Event "Sevilla op"]
[Site "Sevilla"]
[Date "1999.??.??"]
[Round "1"]
[White "Franco, J."]
[Black "Mowsziszian, Karen"]
[Result "0-1"]
[WhiteElo "1935"]
[BlackElo "2525"]

1.Nf3 g6 2.e4 Bg7 3.d4 d6 4.c4 Nf6 5.Nc3 O-O 6.Be2 Nbd7 7.O-O e5 8.d5 Nc5
9.Nd2 a5 10.f3 Ne8 11.Nb3 f5 12.Nxc5 dxc5 13.Be3 Qe7 14.Qc2 f4 15.Bf2 h5
16.Rad1 g5 17.Nb5 Rf6 18.Rd3 Rg6 19.Qd2 g4 20.Qe1 b6 21.Bh4 Bf6 22.Bxf6 Qxf6
23.fxg4 hxg4 24.g3 Bd7 25.Nc3 Nd6 26.b3 Rf8 27.Qd1 Rf7 28.Rf2 Qg5 29.Qd2 Rh6
30.Bf1 Rh5 31.Qe2 Rf6 32.gxf4 exf4 33.e5 Qxe5 34.Qxe5 Rxe5 35.Ne2 f3 36.Ng3 Nf5
37.Nxf5 Bxf5 38.Rdd2 Re1 39.h3 Rg6 40.hxg4 Bxg4 41.Kh2 Kg7 42.Kg3 Bh5+ 43.Kh4 Re4+
44.Kxh5 Reg4  0-1

[Event "Sevilla op"]
[Site "Sevilla"]
[Date "1999.??.??"]
[Round "6"]
[White "Lalic, Bogdan"]
[Black "Moreno, Javier"]
[Result "1/2-1/2"]
[WhiteElo "2560"]
[BlackElo "2430"]

1.d4 Nf6 2.c4 g6 3.Nc3 Bg7 4.e4 d6 5.Nf3 O-O 6.Be2 e5 7.O-O Na6 8.Re1 c6
9.Bf1 Bg4 10.d5 c5 11.a3 Kh8 12.Bg5 Qb8 13.Rb1 Ng8 14.Bd2 Bh6 15.Bxh6 Nxh6
16.Qd2 Kg7 17.Nh4 Qd8 18.g3 Bd7 19.b4 f6 20.Ng2 Nf7 21.Re3 b6 22.Ne1 Qe7
23.Nd3 Rfc8 24.Qa2 Kh8 25.Qb3 Rf8 26.Bg2 g5 27.Qd1 Rg8 28.Nb5 cxb4 29.Nxb4 Nxb4
30.axb4 Rgc8 31.Qe2 a6 32.Nc3 Qd8 33.Nd1 Kg7 34.Ra3 a5 35.Ne3 axb4 36.Rab3 Ra4
37.Rxb4 Rxb4 38.Rxb4 Qc7 39.Qh5 Nh6 40.Bh3 Be8 41.Qe2 Ra8 42.Qb2 Ra6 43.Bf1  1/2-1/2